[Event "FIN-chT 1516"]
[Site "Finland"]
[Date "2016.02.07"]
[Round "8.1"]
[White "Kanep, Meelis"]
[Black "Kiuttu, Roope"]
[Result "1/2-1/2"]
[WhiteElo "2507"]
[BlackElo "2362"]
[PlyCount "71"]
[EventDate "2015.09.12"]
[EventType "team-tourn"]
[EventRounds "11"]
[EventCountry "FIN"]
[SourceTitle "CBM 170 Extra"]
[Source "ChessBase"]
[SourceDate "2016.02.25"]
[SourceVersion "1"]
[SourceVersionDate "2016.02.25"]
[SourceQuality "1"]
[WhiteTeam "Vantaa EtVaS"]
[BlackTeam "Oulu OSS"]
[WhiteTeamCountry "FIN"]
[BlackTeamCountry "FIN"]

1. d4 d5 2. c4 e6 3. Nf3 Nf6 4. g3 Be7 5. Bg2 0-0 6. 0-0 dxc4 7. Ne5 Nc6 8. Nxc6 bxc6 9. Na3 Bxa3 10. bxa3 Nd5 11. Qa4 a5 12. Qxc4 Ba6 13. Qc2 a4 14. Rd1 Bb5 15. Bb2 Qe7 16. e4 Nb6 17. Bc3 Rfd8 18. Bb4 Qg5 19. f4 Qh5 20. Qf2 Rd7 21. Rdc1 Rad8 22. Rc5 Qh6 23. Bc3 Nc4 24. Bf3 Nxa3 25. Rc1 Nc4 26. Rh5 Qf6 27. d5 Qe7 28. dxc6 Qa3 29. Bb2 Nxb2 30. cxd7 Nd3 31. Qe3 Qxc1+ 32. Qxc1 Nxc1 33. Rxb5 Nxa2 34. Rb7 Kf8 35. Rxc7 Ke7 36. Rc4 1/2-1/2

[Event "FIN-chT 1516"]
[Site "Finland"]
[Date "2016.02.06"]
[Round "7.1"]
[White "Miezis, Normunds"]
[Black "Kiuttu, Roope"]
[Result "0-1"]
[WhiteElo "2490"]
[BlackElo "2362"]
[PlyCount "98"]
[EventDate "2015.09.12"]
[EventType "team-tourn"]
[EventRounds "11"]
[EventCountry "FIN"]
[SourceTitle "CBM 170 Extra"]
[Source "ChessBase"]
[SourceDate "2016.02.25"]
[SourceVersion "1"]
[SourceVersionDate "2016.02.25"]
[SourceQuality "1"]
[WhiteTeam "Helsinki Aatos"]
[BlackTeam "Oulu OSS"]
[WhiteTeamCountry "FIN"]
[BlackTeamCountry "FIN"]

1. c4 e6 2. e4 d5 3. exd5 exd5 4. d4 Nf6 5. Nc3 Bb4 6. Bd3 0-0 7. Nge2 dxc4 8. Bxc4 Nc6 9. Bg5 Bf5 10. 0-0 h6 11. Bh4 Be7 12. Re1 Ne4 13. Bxe7 Nxe7 14. Nf4 Nd6 15. Bb3 Nc6 16. Re3 Qf6 17. Nfe2 Rae8 18. Rf3 Qd8 19. h3 a6 20. a3 Na5 21. Ba2 Qd7 22. Ng3 Bg6 23. Qc1 b5 24. Nce2 Nac4 25. Nf4 Bh7 26. b3 Nb6 27. a4 Ne4 28. a5 Nd5 29. Nxd5 Qxd5 30. Qb2 Nxg3 31. Rxg3 Re4 32. Rd1 c5 33. Kh2 cxd4 34. Bb1 Rf4 35. Bxh7+ Kxh7 36. Rgd3 Qe5 37. g3 Re4 38. R1d2 Rd8 39. b4 h5 40. Kg2 h4 41. Qc2 g6 42. Rf3 Kg7 43. Qc6 hxg3 44. Rxg3 Rd6 45. Qb7 Rf4 46. Rgd3 Rdf6 47. Qd7 Qe1 48. f3 Rxf3 49. Qxd4 Qg3+ 0-1

[Event "FIN-chT 1516"]
[Site "Finland"]
[Date "2015.11.07"]
[Round "5.1"]
[White "Moiseenko, Vadim"]
[Black "Kiuttu, Roope"]
[Result "0-1"]
[WhiteElo "2494"]
[BlackElo "2362"]
[PlyCount "88"]
[EventDate "2015.09.12"]
[EventType "team-tourn"]
[EventRounds "11"]
[EventCountry "FIN"]
[SourceTitle "EXT 2017"]
[Source "ChessBase"]
[SourceDate "2016.10.25"]
[SourceVersion "1"]
[SourceVersionDate "2016.10.25"]
[SourceQuality "1"]
[WhiteTeam "Espoo MatSK"]
[BlackTeam "Oulu OSS"]
[WhiteTeamCountry "FIN"]
[BlackTeamCountry "FIN"]

1. Nf3 d5 2. g3 Nf6 3. Bg2 e6 4. 0-0 Be7 5. d3 0-0 6. Nbd2 c5 7. e4 Nc6 8. Re1 b5 9. e5 Nd7 10. Nf1 a5 11. h4 b4 12. a4 bxa3 13. bxa3 a4 14. N1h2 Ba6 15. Bf4 Rb8 16. Ng5 Nd4 17. Ng4 Rb2 18. Ne3 Qa5 19. c4 dxc4 20. Nxc4 Bxc4 21. dxc4 Bxg5 22. Bxg5 Rfb8 23. Qg4 Qc3 24. Rac1 Rc2 25. Bf6 g6 26. Rb1 Rxb1 27. Rxb1 Qd2 28. Rf1 Rxc4 29. Kh1 Rc1 30. Qe4 Rxf1+ 31. Bxf1 Qxf2 32. Qa8+ Nf8 33. Bg2 Ne2 34. Kh2 Qxg3+ 35. Kh1 Qe1+ 36. Kh2 Qg1+ 37. Kh3 Nf4+ 38. Kg3 Qxg2+ 39. Qxg2 Nxg2 40. Kxg2 Nd7 41. Be7 c4 42. Kf2 Nxe5 43. Ke2 f5 44. Kd2 f4 0-1

[Event "FIN-chT 1516"]
[Site "Finland"]
[Date "2015.09.12"]
[Round "1.1"]
[White "Kulaots, Kaido"]
[Black "Kiuttu, Roope"]
[Result "1-0"]
[WhiteElo "2566"]
[BlackElo "2362"]
[PlyCount "81"]
[EventDate "2015.09.12"]
[EventType "team-tourn"]
[EventRounds "11"]
[EventCountry "FIN"]
[SourceTitle "EXT 2016"]
[Source "ChessBase"]
[SourceDate "2015.10.08"]
[SourceVersion "1"]
[SourceVersionDate "2015.10.08"]
[SourceQuality "1"]
[WhiteTeam "Salo SalSK"]
[BlackTeam "Oulu OSS"]
[WhiteTeamCountry "FIN"]
[BlackTeamCountry "FIN"]

1. d4 d5 2. c4 e6 3. Nc3 Be7 4. Nf3 Nf6 5. Bg5 h6 6. Bh4 0-0 7. e3 b6 8. Bd3 Bb7 9. 0-0 Ne4 10. Bg3 c5 11. cxd5 exd5 12. dxc5 bxc5 13. Qb3 Bc6 14. Bxe4 dxe4 15. Ne5 Qc8 16. Nxc6 Qxc6 17. Qc4 Nd7 18. Qxe4 Qxe4 19. Nxe4 Rac8 20. Rfd1 Nb6 21. Rac1 c4 22. Be5 Rc6 23. Nc3 Bf6 24. Bxf6 Rxf6 25. Rd4 Rc6 26. Rcd1 Re8 27. e4 Kf8 28. f4 g5 29. f5 Kg7 30. Kf2 h5 31. Rd8 Kf8 32. Ke3 Ke7 33. Rxe8+ Kxe8 34. e5 Nd7 35. Rd5 Nc5 36. Kd4 Nd3 37. Ne4 Nxb2 38. Nf6+ Kf8 39. Rd8+ Kg7 40. Rg8+ Kh6 41. e6 1-0

[Event "FIN-chT 1415"]
[Site "Finland"]
[Date "2015.03.14"]
[Round "10.2"]
[White "Kiuttu, Roope"]
[Black "Solozhenkin, Evgeniy"]
[Result "1-0"]
[WhiteElo "2335"]
[BlackElo "2448"]
[PlyCount "101"]
[EventDate "2014.09.27"]
[EventType "team-tourn"]
[EventRounds "11"]
[EventCountry "FIN"]
[SourceTitle "EXT 2016"]
[Source "ChessBase"]
[SourceDate "2015.10.08"]
[SourceVersion "1"]
[SourceVersionDate "2015.10.08"]
[SourceQuality "1"]
[WhiteTeam "Oulu OSS"]
[BlackTeam "Espoo MatSK"]
[WhiteTeamCountry "FIN"]
[BlackTeamCountry "FIN"]

1. d4 Nf6 2. c4 e6 3. Nc3 Bb4 4. Qc2 0-0 5. a3 Bxc3+ 6. Qxc3 b6 7. Bg5 Bb7 8. e3 d6 9. Ne2 Nbd7 10. Qd3 a6 11. Nc3 Re8 12. f3 d5 13. e4 dxe4 14. fxe4 h6 15. Bh4 e5 16. d5 Nf8 17. Qf3 N8h7 18. Be2 c6 19. Rd1 cxd5 20. cxd5 b5 21. b4 Bc8 22. 0-0 Bd7 23. Kh1 Qb8 24. Qe3 Rc8 25. d6 Be6 26. Bg3 Nd7 27. Nd5 Bxd5 28. Rxd5 f6 29. Bg4 Nhf8 30. Qb3 Kh8 31. Bf2 Rc4 32. Qh3 Qe8 33. Be3 Rc3 34. Rf3 Rac8 35. Rd1 Rxa3 36. Bf5 Rxe3 37. Rxe3 Rc4 38. Ra3 Qc8 39. Qg4 Rc1 40. Ra1 Rc3 41. h4 Qc6 42. Kh2 Rc4 43. Ra3 Rxb4 44. Rg3 g5 45. hxg5 hxg5 46. Qh5+ Kg7 47. Rh3 Rd4 48. Qh8+ Kf7 49. Rh7+ Nxh7 50. Qxh7+ Kf8 51. Be6 1-0

[Event "FIN-chT 1314"]
[Site "Finland"]
[Date "2013.09.21"]
[Round "1.1"]
[White "Kanep, Meelis"]
[Black "Kiuttu, Roope"]
[Result "1-0"]
[WhiteElo "2511"]
[BlackElo "2332"]
[PlyCount "49"]
[EventDate "2013.09.21"]
[EventType "team-tourn"]
[EventRounds "11"]
[EventCountry "FIN"]
[SourceTitle "CBM 156 Extra"]
[Source "ChessBase"]
[SourceDate "2013.10.22"]
[SourceVersion "1"]
[SourceVersionDate "2013.10.22"]
[SourceQuality "1"]
[WhiteTeam "Vantaa EtVaS"]
[BlackTeam "Oulu OSS"]
[WhiteTeamCountry "FIN"]
[BlackTeamCountry "FIN"]

1. Nf3 d5 2. g3 Nf6 3. Bg2 Bg4 4. 0-0 Nbd7 5. d3 e5 6. c4 c6 7. cxd5 cxd5 8. Qa4 Bd6 9. Nc3 d4 10. Nb5 Bc5 11. Nxe5 Nxe5 12. Nd6+ Ke7 13. Nxb7 Qb6 14. Nxc5 Qxc5 15. b3 Ke6 16. Ba3 Qb6 17. f4 Ned7 18. Qc4+ Kf5 19. Qxf7 Rae8 20. h3 h5 21. hxg4+ hxg4 22. Rac1 Rxe2 23. Be4+ Rxe4 24. dxe4+ Kxe4 25. Qg6+ 1-0

[Event "FIN-chT 1213"]
[Site "Finland"]
[Date "2013.03.09"]
[Round "13.1"]
[White "Kiuttu, Roope"]
[Black "Sulskis, Sarunas"]
[Result "1/2-1/2"]
[WhiteElo "2324"]
[BlackElo "2564"]
[PlyCount "107"]
[EventDate "2012.09.28"]
[EventType "team-tourn"]
[EventRounds "11"]
[EventCountry "FIN"]
[SourceTitle "EXT 2014"]
[Source "ChessBase"]
[SourceDate "2013.11.20"]
[SourceVersion "1"]
[SourceVersionDate "2013.11.20"]
[SourceQuality "1"]
[WhiteTeam "Oulu OSS"]
[BlackTeam "Porvoo Velhot"]
[WhiteTeamCountry "FIN"]
[BlackTeamCountry "FIN"]

1. e4 e5 2. Nf3 Nc6 3. Bc4 Nf6 4. d3 Bc5 5. c3 d6 6. h3 a6 7. Bb3 Ba7 8. Nbd2 0-0 9. Nf1 d5 10. Qe2 d4 11. Ng3 Be6 12. 0-0 Nd7 13. Bxe6 fxe6 14. c4 Bc5 15. Bd2 Bb4 16. Bxb4 Nxb4 17. a3 Nc6 18. b4 a5 19. Rab1 axb4 20. axb4 Ra4 21. b5 Ne7 22. c5 Ng6 23. c6 Nc5 24. cxb7 Ra3 25. Ra1 Rxa1 26. Rxa1 Nxb7 27. Qc2 Qd6 28. Ra6 Qc5 29. Rc6 Qxc2 30. Rxc2 Rc8 31. h4 Nd6 32. Rc5 Rb8 33. Rxc7 Nf4 34. Nxe5 Rxb5 35. Rd7 Rxe5 36. Rxd6 Nxd3 37. Rxd4 Nf4 38. Rd8+ Kf7 39. Rd7+ Kg8 40. Kf1 Ng6 41. h5 Nf4 42. f3 Nxh5 43. Nxh5 Rxh5 44. Kf2 Kf8 45. g4 Ra5 46. Kg3 h5 47. gxh5 Rxh5 48. Kg4 Re5 49. Ra7 Rb5 50. f4 Rb1 51. e5 Rg1+ 52. Kf3 g5 53. fxg5 Rxg5 54. Ke4 1/2-1/2

[Event "FIN-chT 1213"]
[Site "Finland"]
[Date "2012.09.28"]
[Round "1.1"]
[White "Kiuttu, Roope"]
[Black "Neiksans, Arturs"]
[Result "0-1"]
[WhiteElo "2324"]
[BlackElo "2535"]
[PlyCount "76"]
[EventDate "2012.09.28"]
[EventType "team-tourn"]
[EventRounds "11"]
[EventCountry "FIN"]
[SourceTitle "CBM 150 Extra"]
[Source "ChessBase"]
[SourceDate "2012.10.19"]
[SourceVersion "1"]
[SourceVersionDate "2012.10.19"]
[SourceQuality "1"]
[WhiteTeam "Oulu OSS"]
[BlackTeam "Sastamala VammSK"]
[WhiteTeamCountry "FIN"]
[BlackTeamCountry "FIN"]

1. e4 c5 2. Nf3 e6 3. d4 cxd4 4. Nxd4 a6 5. Bd3 Bc5 6. Nb3 Ba7 7. Qg4 Nf6 8. Qg3 d6 9. Nc3 Nc6 10. Bg5 h6 11. Bd2 Nh5 12. Qf3 Qh4 13. g3 Ne5 14. Qe2 Qg4 15. 0-0-0 Qxe2 16. Bxe2 Nf6 17. Be1 Ke7 18. h3 g5 19. Nd4 Bd7 20. Kb1 b5 21. a3 Rac8 22. f3 Nc4 23. Rd3 Rc7 24. h4 g4 25. f4 Rb8 26. Nd1 Nxe4 27. Bxg4 Rg8 28. Bf3 f5 29. Ne2 Nc5 30. Rc3 e5 31. fxe5 dxe5 32. Bd5 Be6 33. Bxe6 Kxe6 34. Rf3 Rd7 35. Kc1 Rgd8 36. Ndc3 Na4 37. b3 Nxc3 38. Rxc3 Rd1# 0-1

[Event "FIN-chT 1112"]
[Site "Finland"]
[Date "2012.02.11"]
[Round "8.1"]
[White "Nyback, Tomi"]
[Black "Kiuttu, Roope"]
[Result "1-0"]
[WhiteElo "2627"]
[BlackElo "2303"]
[PlyCount "55"]
[EventDate "2011.09.17"]
[EventType "team-tourn"]
[EventRounds "11"]
[EventCountry "FIN"]
[SourceTitle "EXT 2013"]
[Source "ChessBase"]
[SourceDate "2012.11.22"]
[SourceVersion "1"]
[SourceVersionDate "2012.11.22"]
[SourceQuality "1"]
[WhiteTeam "Helsinki Aatos"]
[BlackTeam "Oulu OSS"]
[WhiteTeamCountry "FIN"]
[BlackTeamCountry "FIN"]

1. d4 d5 2. c4 e6 3. Nc3 Be7 4. Nf3 Nf6 5. Bf4 0-0 6. e3 Nbd7 7. cxd5 Nxd5 8. Nxd5 exd5 9. Bd3 c5 10. 0-0 c4 11. Bc2 b5 12. b3 Bb7 13. Qb1 cxb3 14. Bxh7+ Kh8 15. Bd3 b2 16. Qxb2 b4 17. Qe2 Kg8 18. Ne5 Nxe5 19. Bxe5 g6 20. Rac1 Bd6 21. f4 Qe7 22. Bxd6 Qxd6 23. f5 Kg7 24. f6+ Kg8 25. Qg4 Rfc8 26. Bxg6 Rxc1 27. Bh7+ Kxh7 28. Qg7# 1-0

[Event "FIN-chT 1112"]
[Site "Finland"]
[Date "2011.11.19"]
[Round "5.1"]
[White "Kiuttu, Roope"]
[Black "Palliser, Richard"]
[Result "1/2-1/2"]
[WhiteElo "2303"]
[BlackElo "2444"]
[PlyCount "80"]
[EventDate "2011.09.17"]
[EventType "team-tourn"]
[EventRounds "11"]
[EventCountry "FIN"]
[SourceTitle "EXT 2013"]
[Source "ChessBase"]
[SourceDate "2012.11.22"]
[SourceVersion "1"]
[SourceVersionDate "2012.11.22"]
[SourceQuality "1"]
[WhiteTeam "Oulu OSS"]
[BlackTeam "Espoo"]
[WhiteTeamCountry "FIN"]
[BlackTeamCountry "FIN"]

1. e4 c5 2. Nf3 d6 3. d4 cxd4 4. Nxd4 Nf6 5. Nc3 a6 6. Bg5 e6 7. f4 h6 8. Bh4 Qb6 9. Qd2 Qxb2 10. Rb1 Qa3 11. e5 dxe5 12. fxe5 Nd5 13. Nxd5 exd5 14. e6 Bxe6 15. Nxe6 fxe6 16. Bd3 Be7 17. Bg6+ Kd8 18. Bxe7+ Qxe7 19. 0-0 Nd7 20. Rxb7 Qc5+ 21. Kh1 Ra7 22. Rxa7 Qxa7 23. Qa5+ Qb6 24. Qxb6+ Nxb6 25. Rf7 Nd7 26. Rxg7 Kc7 27. Bd3 Kd6 28. Bxa6 Ra8 29. Bd3 Rxa2 30. h4 Ne5 31. Kh2 Ra4 32. Kh3 Rf4 33. Rh7 Rf6 34. g4 Rf3+ 35. Kg2 Rf4 36. Rxh6 Rxg4+ 37. Kf2 Nxd3+ 38. cxd3 Ke5 39. Kf3 Rg8 40. d4+ Kxd4 1/2-1/2

[Event "FIN-chT 1112"]
[Site "Finland"]
[Date "2011.10.15"]
[Round "3.2"]
[White "Kiuttu, Roope"]
[Black "Holmsten, Aleksei"]
[Result "1-0"]
[WhiteElo "2303"]
[BlackElo "2350"]
[PlyCount "137"]
[EventDate "2011.09.17"]
[EventType "team-tourn"]
[EventRounds "11"]
[EventCountry "FIN"]
[SourceTitle "CBM 144 Extra"]
[Source "ChessBase"]
[SourceDate "2011.10.28"]
[SourceVersion "1"]
[SourceVersionDate "2011.10.28"]
[SourceQuality "1"]
[WhiteTeam "Oulu OSS"]
[BlackTeam "Turku"]
[WhiteTeamCountry "FIN"]
[BlackTeamCountry "FIN"]

1. e4 d5 2. exd5 Qxd5 3. Nf3 Nf6 4. d4 Bg4 5. Be2 e6 6. h3 Bh5 7. 0-0 Be7 8. c4 Qd6 9. Be3 0-0 10. Qb3 Nc6 11. Rd1 Qb4 12. Qc2 Bg6 13. Qc1 Rfd8 14. Nc3 Ne4 15. d5 Nb8 16. Nxe4 Bxe4 17. dxe6 Rxd1+ 18. Bxd1 fxe6 19. a3 Qa5 20. b4 Qf5 21. Nd4 Qg6 22. f3 Bd3 23. c5 e5 24. Bb3+ Kh8 25. Ne6 Nc6 26. Nxc7 Rf8 27. Kh1 e4 28. f4 Bh4 29. Ne6 Re8 30. g4 Rxe6 31. f5 Qf6 32. Bxe6 Qe5 33. Bf4 Qd4 34. Ra2 Bf2 35. Rxf2 Qxf2 36. Qe3 Qf1+ 37. Kh2 Nd4 38. Bd6 Nf3+ 39. Kg3 h5 40. gxh5 Qh1 41. f6 Qh2+ 42. Kg4 Qg2+ 43. Bg3 Be2 44. fxg7+ Kxg7 45. Qc3+ Kh7 46. Bf5+ Kg8 47. Be6+ Kh7 48. Kf4 Nd4 49. Qxd4 Qf3+ 50. Ke5 Qxg3+ 51. Kxe4 Bf3+ 52. Kf5 Bxh5 53. Qd7+ Kh6 54. Qd2+ Kh7 55. Qg5 Qxh3+ 56. Kf6 Qc3+ 57. Ke7 Bg6 58. Qf6 Qe3 59. Kd6 Qg3+ 60. Ke7 Qe3 61. Kd8 Qd3+ 62. Kc8 Qxa3 63. Bf5 Bxf5+ 64. Qxf5+ Kh6 65. Qf4+ Kg6 66. Qe4+ Kg5 67. Kxb7 a5 68. c6 axb4 69. c7 1-0

[Event "FIN-chT 1112"]
[Site "Finland"]
[Date "2011.10.14"]
[Round "7.2"]
[White "Kiuttu, Roope"]
[Black "Sklyarov, Dmitry V"]
[Result "1/2-1/2"]
[WhiteElo "2303"]
[BlackElo "2416"]
[PlyCount "32"]
[EventDate "2011.09.17"]
[EventType "team-tourn"]
[EventRounds "11"]
[EventCountry "FIN"]
[SourceTitle "CBM 144 Extra"]
[Source "ChessBase"]
[SourceDate "2011.10.28"]
[SourceVersion "1"]
[SourceVersionDate "2011.10.28"]
[SourceQuality "1"]
[WhiteTeam "Oulu OSS"]
[BlackTeam "Joensuu SK"]
[WhiteTeamCountry "FIN"]
[BlackTeamCountry "FIN"]

1. e4 d5 2. exd5 Nf6 3. d4 Nxd5 4. Nf3 Bg4 5. Be2 e6 6. 0-0 Be7 7. c4 Nb6 8. Be3 Nc6 9. Nbd2 0-0 10. Rc1 Qd7 11. Ne5 Nxe5 12. dxe5 Bxe2 13. Qxe2 Qc6 14. b3 Nd7 15. f4 Rfd8 16. Qf3 Qxf3 1/2-1/2

[Event "Heart of Finland op 21st"]
[Site "Jyvaskyla"]
[Date "2011.07.16"]
[Round "8"]
[White "Kiuttu, Roope"]
[Black "Jantti, Petri"]
[Result "1-0"]
[WhiteElo "2283"]
[BlackElo "2099"]
[PlyCount "67"]
[EventDate "2011.07.11"]
[EventType "swiss"]
[EventRounds "9"]
[EventCountry "FIN"]
[SourceTitle "CBM 143 Extra"]
[Source "ChessBase"]
[SourceDate "2011.08.29"]
[SourceVersion "1"]
[SourceVersionDate "2011.08.29"]
[SourceQuality "1"]

1. e4 c5 2. Nf3 Nc6 3. d4 cxd4 4. Nxd4 Nf6 5. Nc3 d6 6. Bg5 Bd7 7. Bxf6 gxf6 8. Be2 e6 9. Bh5 Qb6 10. Nb3 Ne5 11. Qe2 Rc8 12. f4 Nc4 13. 0-0-0 a5 14. Rd4 Na3 15. bxa3 Rxc3 16. Qd2 Rc5 17. Nxc5 Qxc5 18. Be2 Qxa3+ 19. Kb1 Bc6 20. Rf1 Qc5 21. Rf3 f5 22. Rc3 Qb6+ 23. Rb3 Qc5 24. exf5 Qxf5 25. Bf3 d5 26. Qxa5 Kd7 27. g4 Qf6 28. Rbd3 Bd6 29. c4 Bc7 30. Qd2 Bb6 31. cxd5 Bb5 32. dxe6+ Kc8 33. Rc3+ Kb8 34. Rd7 1-0

[Event "Heart of Finland op 20th"]
[Site "Jyvaskyla"]
[Date "2010.07.08"]
[Round "5"]
[White "Kiuttu, Roope"]
[Black "Agopov, Mikael"]
[Result "1-0"]
[WhiteElo "2234"]
[BlackElo "2436"]
[PlyCount "101"]
[EventDate "2010.07.05"]
[EventType "swiss"]
[EventRounds "9"]
[EventCountry "FIN"]
[SourceTitle "CBM 137 Extra"]
[Source "ChessBase"]
[SourceDate "2010.09.01"]
[SourceVersion "1"]
[SourceVersionDate "2010.09.01"]
[SourceQuality "1"]

1. e4 c5 2. Nf3 Nc6 3. d4 cxd4 4. Nxd4 e6 5. Nc3 d6 6. g4 h6 7. Bg2 Qc7 8. 0-0 Nf6 9. h3 a6 10. Re1 Be7 11. a4 0-0 12. Be3 Ne5 13. Nce2 d5 14. exd5 Nxd5 15. Bxd5 exd5 16. Ng3 Nc6 17. c3 Bd6 18. Ndf5 Bxf5 19. Nxf5 Rad8 20. Qd2 Ne5 21. Qe2 Rfe8 22. Bd4 f6 23. Rad1 Kf7 24. Bxe5 Bxe5 25. Qf3 Qc4 26. Kg2 Kg8 27. Rd3 Kh7 28. Red1 Qxa4 29. Rxd5 Rxd5 30. Rxd5 Qc6 31. Rd1 Re6 32. Qxc6 Rxc6 33. Kf3 Rc4 34. Rd7 Rc7 35. Rxc7 Bxc7 36. Ke4 Kg6 37. h4 h5 38. gxh5+ Kxh5 39. Nxg7+ Kxh4 40. Ne8 Bb6 41. Nxf6 Bxf2 42. Kd5 Be3 43. Ne4 b5 44. Nc5 a5 45. Kc6 b4 46. c4 Kg5 47. Kb5 Kf5 48. Nb3 Ke4 49. Nxa5 Bd2 50. b3 Kd4 51. Nc6+ 1-0

[Event "FIN-chT1C 0910"]
[Site "Finland"]
[Date "2010.??.??"]
[Round "7.2"]
[White "Salokangas, Hannu"]
[Black "Kiuttu, Roope"]
[Result "1/2-1/2"]
[WhiteElo "2192"]
[BlackElo "2168"]
[PlyCount "66"]
[EventDate "2009.09.19"]
[EventType "team-tourn"]
[EventRounds "7"]
[EventCountry "FIN"]
[SourceTitle "EXT 2022"]
[Source "ChessBase"]
[SourceDate "2021.10.06"]
[SourceVersion "1"]
[SourceVersionDate "2021.10.06"]
[SourceQuality "1"]
[WhiteTeam "Tampere Tammer II"]
[BlackTeam "Oulu OSS"]
[WhiteTeamCountry "FIN"]
[BlackTeamCountry "FIN"]

1. Nf3 d5 2. c4 e6 3. g3 Nf6 4. Bg2 Be7 5. 0-0 0-0 6. d4 dxc4 7. Qc2 a6 8. a4 Bd7 9. Nbd2 Bc6 10. Nxc4 Be4 11. Qb3 Nbd7 12. Bg5 c5 13. Rfd1 cxd4 14. Rxd4 Bd5 15. Nfd2 Bc5 16. Rf4 Bxg2 17. Kxg2 b5 18. Ne3 Qb6 19. Rh4 h6 20. Bxf6 Nxf6 21. Ne4 Nxe4 22. Rxe4 Rad8 23. axb5 axb5 24. Rd1 Rxd1 25. Nxd1 Qc6 26. Qf3 Rd8 27. Ne3 Rd2 28. b4 Bf8 29. Ng4 Qc7 30. Ne5 Rb2 31. Nd3 Rc2 32. h4 Rc4 33. Re5 Bxb4 1/2-1/2

[Event "Oulu We Sh-77"]
[Site "Oulu"]
[Date "2010.??.??"]
[Round "2"]
[White "Wallin, Aleksi"]
[Black "Kiuttu, Roope"]
[Result "1/2-1/2"]
[WhiteElo "2046"]
[BlackElo "2194"]
[PlyCount "102"]
[EventDate "2010.??.??"]
[EventType "swiss"]
[EventRounds "5"]
[EventCountry "FIN"]
[SourceTitle "EXT 2022"]
[Source "ChessBase"]
[SourceDate "2021.10.06"]
[SourceVersion "1"]
[SourceVersionDate "2021.10.06"]
[SourceQuality "1"]

1. c4 e6 2. Nf3 d5 3. g3 Nf6 4. Bg2 Be7 5. 0-0 0-0 6. b3 c5 7. Bb2 Nc6 8. e3 b6 9. Nc3 Bb7 10. cxd5 Nxd5 11. Nxd5 Qxd5 12. Ne5 Qd6 13. Nc4 Qc7 14. Qh5 Rfd8 15. Rfd1 Nb4 16. Qg4 Bf8 17. Bxb7 Qxb7 18. d4 cxd4 19. Bxd4 Nc2 20. Rac1 Nxd4 21. Rxd4 Qa6 22. Rc2 Rac8 23. Rxd8 Rxd8 24. Qf3 Rd5 25. e4 Rd8 26. e5 Qb5 27. Qf4 Qc5 28. Ne3 Qe7 29. h4 Qd7 30. Kg2 Bc5 31. Nc4 Qb7+ 32. Qf3 Qxf3+ 33. Kxf3 Kf8 34. Nd6 Bxd6 35. exd6 Rxd6 36. Rc7 a5 37. Rb7 g6 38. Ke3 Kg7 39. g4 h6 40. f3 Kf6 41. g5+ hxg5 42. hxg5+ Kxg5 43. Rxf7 Rc6 44. f4+ Kh5 45. Rh7+ Kg4 46. Rg7 Rc2 47. Rxg6+ Kf5 48. Rg5+ Kf6 49. Rb5 Rxa2 50. Rxb6 Ra3 51. Ke4 a4 1/2-1/2

[Event "Rilton Cup 39th"]
[Site "Stockholm"]
[Date "2009.12.31"]
[Round "5"]
[White "Semcesen, Daniel"]
[Black "Kiuttu, Roope"]
[Result "1-0"]
[WhiteElo "2460"]
[BlackElo "2194"]
[PlyCount "75"]
[EventDate "2009.12.27"]
[EventType "swiss"]
[EventRounds "9"]
[EventCountry "SWE"]
[SourceTitle "CBM 134 Extra"]
[Source "ChessBase"]
[SourceDate "2010.03.03"]
[SourceVersion "1"]
[SourceVersionDate "2010.03.03"]
[SourceQuality "1"]

1. c4 e6 2. Nf3 d5 3. d4 Nf6 4. Bg5 Be7 5. e3 h6 6. Bh4 0-0 7. Nc3 b6 8. Rb1 Nbd7 9. cxd5 Nxd5 10. Bg3 Bb7 11. Bd3 c5 12. 0-0 cxd4 13. exd4 Nxc3 14. bxc3 Rc8 15. c4 Nb8 16. Qe2 Bxf3 17. Qxf3 Qxd4 18. Rfd1 Kh8 19. Be2 Qc5 20. Qb7 Nc6 21. Rd7 Rfd8 22. Rbd1 Rxd7 23. Rxd7 Na5 24. Qxa7 Re8 25. Qc7 Qa3 26. h3 Qxa2 27. Bd3 Qa3 28. Qxb6 Kg8 29. Kh2 Qc5 30. Rxe7 Qxe7 31. Qxa5 e5 32. Be4 Rc8 33. Bd5 h5 34. Qc3 Re8 35. h4 g5 36. hxg5 Qxg5 37. Qf3 Qg6 38. Bh4 1-0

[Event "Heart of Finland op 19th"]
[Site "Jyvaskyla"]
[Date "2009.07.12"]
[Round "9"]
[White "Kiuttu, Roope"]
[Black "Anttila, Perttu"]
[Result "1/2-1/2"]
[WhiteElo "2164"]
[BlackElo "2057"]
[PlyCount "98"]
[EventDate "2009.07.07"]
[EventType "swiss"]
[EventRounds "9"]
[EventCountry "FIN"]
[SourceTitle "CBM 131 Extra"]
[Source "ChessBase"]
[SourceDate "2009.09.03"]
[SourceVersion "2"]
[SourceVersionDate "2009.09.16"]
[SourceQuality "1"]

1. e4 e6 2. d4 d5 3. e5 h6 4. Nf3 b6 5. c3 Qd7 6. Be3 Ba6 7. Bxa6 Nxa6 8. Qd3 Nb8 9. 0-0 c5 10. c4 Nc6 11. cxd5 exd5 12. dxc5 bxc5 13. Rd1 Rd8 14. b3 Nb4 15. Qd2 d4 16. Bf4 Ne7 17. Na3 Ned5 18. Bg3 Be7 19. Nc4 0-0 20. a3 Nc6 21. Qd3 Nc3 22. Re1 Qe6 23. Nfd2 Rb8 24. Rf1 Qg6 25. Qf3 f5 26. e6 Rbc8 27. Bd6 Qxe6 28. Rfe1 Qd7 29. Bxe7 Nxe7 30. Ne5 Qc7 31. Nd3 Ned5 32. Re5 Qd7 33. Rae1 Rf6 34. h3 Kh7 35. Kh1 Rc7 36. Kg1 g6 37. Nf4 Nxf4 38. Qxf4 Qf7 39. Qf3 Ne4 40. Nxe4 fxe4 41. Qxe4 Qxb3 42. Re8 Qf7 43. f3 Rd7 44. Qa8 Kg7 45. Rh8 d3 46. Ree8 Rfd6 47. Rhg8+ Kh7 48. Rh8+ Kg7 49. Rhg8+ Kf6 1/2-1/2